Chester County Municipality Quiz Slideshow Stats

 Plays Quiz not verified by Sporcle

Challenge
Share
Tweet
Score 0/73 Timer 10:00
0 Plays Today
% Correct
West Chester
100%
Malvern
80%
Kennett Square
66.7%
Avondale
66.7%
West Grove
66.7%
Oxford
66.7%
Atglen
66.7%
South Coatesville
66.7%
Modena
66.7%
Downingtown
66.7%
Parkesburg
60%
Elverson
60%
Spring City
60%
Phoenixville
60%
Coatesville
60%
North Coventry
60%
East Coventry
60%
Warwick
60%
South Coventry
60%
East Vincent
60%
Honeybrook
60%
West Nantmeal
60%
East Nantmeal
60%
West Vincent
60%
West Caln
60%
West Brandywine
60%
East Brandywine
60%
Wallace
60%
West Pikeland
60%
Charlestown
60%
West Sadsbury
60%
Sadsbury
60%
Valley
60%
Caln
60%
East Caln
60%
West Whiteland
60%
West Fallowfield
60%
% Correct
Honeybrook Borough
53.3%
East Pikeland
53.3%
Schuylkill
53.3%
Upper Uwchlan
53.3%
Uwchlan
53.3%
Highland
53.3%
East Fallowfield
53.3%
West Marlborough
53.3%
West Bradford
53.3%
East Bradford
53.3%
West Goshen
53.3%
East Goshen
53.3%
Easttown
53.3%
Lower Oxford
53.3%
Upper Oxford
53.3%
Southern Chester County Regional Police
53.3%
East Marlborough
53.3%
East Whiteland
46.7%
Tredyffrin
46.7%
Londonderry
46.7%
Newlin
46.7%
Willistown
46.7%
Penn
46.7%
London Grove
46.7%
Kennett
46.7%
Pennsbury
46.7%
Birmingham
46.7%
West Nottingham
46.7%
East Nottingham
46.7%
Elk
46.7%
Franklin
46.7%
London Britain
46.7%
Pocopson
40%
Thornbury
40%
Westtown
40%
New London
40%

You're not logged in!

Compare scores with friends on all Sporcle quizzes.
Join for Free
OR
Log In

You Might Also Like...

Show Comments

Extras

Created Mar 20, 2015ReportNominate
Tags:chester, county, municipality

Top Quizzes Today


Score Distribution

Your Account Isn't Verified!

In order to create a playlist on Sporcle, you need to verify the email address you used during registration. Go to your Sporcle Settings to finish the process.

Report this User

Report this user for behavior that violates our Community Guidelines.

Details: